1977 1021 1359 1303 1274 1577 1450 1003 1954 1559 1216 1235 1947 1793 1271 1412 1098 1424 1296 1095 1332 1758 1588 1614 1773 1111 1607 1295 1102 1934 1946 1622 1780 1500 1773 1646 1268 1888 1164 1398 1675 1926 1856 1834 1309 1331 1114 1297 2000 1970 1394 1878 1018 1518 1266 1119 1425 1221 1265 1238 1823 1829 1523 1831 1925 1294 1414 1981 1937 1615 1414 1143 1779 1119 1420 1620 1927 1179 1575 1972 1809 1818 1438 1656 1296 1578 1004 1550 1086 1829 1027 1748 1897 1403 1937 1971 1641 1969 1587 BCNSPRNW ULIB Ver.6.0+V

เปลี่ยนเป็นภาษาไทย

Change to English
 แสดงรายละเอียดบรรณานุกรม
  กลับหน้าหลัก

Brief Record : Get Marc (ISO 2709) : E-mail record : QR code < ปิดหน้าต่าง
LEADER : 00000nam 2200000uu 4500
001    13399125980
003     ULIB
008    020711s2560 th a 000 0 tha d
050    ^aLA1221^bส691ร
110    ^aสำนักงานคณะกรรมการการอุดมศึกษา
245    ^aรวม กฎกระทรวง ประกาศกระทรวงศึกษาธิการ ประกาศ และมติคณะกรรมการการอุดมศึกษาที่เกี่ยวกับหลักเกณฑ์/แนวทาง และปฏิบัติที่เกี่ยวข้อง สิงหาคม 2556 - กรกฎาคม 2560
260    ^aนนทบุรี :^bห้างหุ้นส่วนจำกัด ภาพพิมพ์,^c2560
300    ^a375 หน้า;^c30 ซม.
650    ^aการศึกษา-กฎกระทรวง
945    ^p0^l0^i003411
999    ^aประนอม เกษจรัล
รายการนี้ยังไม่มีแท็ก
คุณยังไม่ได้ล็อกอิน คุณสามารถมีกิจกรรมร่วมกับเว็บไซต์ได้ แต่ต้องล็อกอินก่อน ::
  ล็อกอิน

รายการสื่อสารสนเทศ

ลำดับที่ ประเภท เลขเรียก/บาร์โค้ด สถานที่ สถานะ
1. การศึกษาทั่วไป
การศึกษาทั่วไป
LA1221 ส691ร ฉ.1 
  Barcode: 003411
ห้องสมุดวิทยาเขตสวรรค์ประชารักษ์
►หนังสือทั่วไป
บนชั้น

BibComment


ยังไม่เคยถูกคอมเมนท์

คอมเมนท์ทรัพยากรรายการนี้
  คอมเมนท์: รวม กฎกระทรวง ปร..


 Copyright 2026. Bcnsprnw @Library